|
|
|
|
| LEADER |
00000nam0a2200000 4500 |
| 001 |
109167 |
| 005 |
20231101214842.0 |
| 035 |
|
|
|a (RuTPU)RU\TPU\book\117834
|
| 090 |
|
|
|a 109167
|
| 100 |
|
|
|a 20070201d2006 m y0rusy50 ca
|
| 101 |
0 |
|
|a rus
|
| 102 |
|
|
|a RU
|
| 105 |
|
|
|a y a 001zb
|
| 200 |
1 |
|
|a Мария Леонтьевна Халфина
|e биобиблиографический указатель
|f Томская областная универсальная научная библиотека им. А. С. Пушкина, Историко-краеведческий отдел; сост. А. В. Яковенко
|
| 210 |
|
|
|a Томск
|c Томская обл. универсальная б-ка им. А. С. Пушкина
|d 2006
|
| 215 |
|
|
|a 64 с.
|
| 320 |
|
|
|a Алфавитный указатель заглавий: с. 58-60.
|
| 320 |
|
|
|a Именной указатель: с. 61-63.
|
| 600 |
|
1 |
|a Халфина
|b М. Л.
|c российский писатель
|c деятель библиотечного дела
|f 1908-1988
|g Мария Леонтьевна
|y Томск
|2 stltpush
|3 (RuTPU)RU\TPU\pers\18945
|9 7142
|
| 610 |
1 |
|
|a биобиблиографические указатели
|
| 610 |
1 |
|
|a русская литература
|
| 610 |
1 |
|
|a 20 век
|
| 610 |
1 |
|
|a Томск
|
| 610 |
1 |
|
|a краеведение
|
| 610 |
1 |
|
|a писатели
|
| 610 |
1 |
|
|a художественные произведения
|
| 686 |
|
|
|a Я19:9
|v LBC/SL-A
|2 rubbk
|
| 686 |
|
|
|a Т3(2Р53)я1
|v LBC/SL-A
|2 rubbk
|
| 702 |
|
1 |
|a Яковенко
|b А. В.
|4 220
|
| 712 |
0 |
2 |
|a Томская областная универсальная научная библиотека им. А. С. Пушкина (ТОУНБ)
|2 stltpush
|3 (RuTPU)RU\TPU\col\1204
|
| 801 |
|
1 |
|a RU
|b 63413507
|c 20070201
|g PSBO
|
| 801 |
|
2 |
|a RU
|b 63413507
|c 20160616
|g PSBO
|
| 942 |
|
|
|c BK
|